فن الإغواء / (رقم التسجيلة. 247343)

تفاصيل مارك
000 -الفاتح
عناصر البيانات ثابتة الطول 00838nam a22002657i 4500
005 - تاريخ ووقت آخر معاملة
حقل ضبط 20251124124523.0
008 - عناصر البيانات ثابتة الطول
عناصر البيانات ثابتة الطول 250906s2019 le ||||gr|||| 00| 0 ara d
020 ## - الترقيم الدولي المعياري للكتب (ردمك)
الترقيم الدولي المعياري للكتب (ردمك) 9789922607450
040 ## - مصدر الفهرسة
هيئة الفهرسة الأصلية JO-AmGAM
قواعد الوصف rda
041 1# - كود اللغة
كود اللغة لنص/مسار صوت أو عنوان منفصل ara
كود اللغة للأصل eng
082 14 - رقم تصنيف ديوي العشري
رقم التصنيف 303.34
رقم المادة غ ر ي
100 1# - مدخل رئيسي – اسم شخصي
الاسم الشخصي غرين، روبرت
علاقة الشخص بالعمل/ دوره مؤلف.
240 10 - عنوان مقنن
عنوان مقنن Art of seduction.
245 10 - بيان العنوان
العنوان فن الإغواء /
بيان المسؤولية روبرت غرين ؛ ترجمة منير سليمان.
250 ## - بيان الطبعة
بيان الطبعة الطبعة الثالثة.
264 31 - بيانات النشر، التوزيع…إلخ
مكان النشر، التوزيع...إلخ بيروت :
اسم الناشر، الموزع...إلخ الرافدين،
تاريخ النشر، التوزيع...إلخ 2019.
300 ## - الوصف المادي
عدد الوحدات المكونة للوعاء 685 صفحة.
336 ## - نوع المحتوى
المصدر rdacontent
مصطلح نوع المحتوى نص
كود نوع المحتوى txt
337 ## - نوع الوسيط
المصدر rdamedia
مصطلح نوع الوسيط دون وسيط عرض
كود نوع الوسيط n
338 ## - نوع الحامل
المصدر rdacarrier
مصطلح نوع الحامل مجلد
كود نوع الحامل nc
650 17 - مدخل إضافي بالموضوع - مصطلح موضوعي
مصطلح موضوعي أو اسم جغرافي كعنصر مدخل الاقناع.
700 1# - مدخل إضافي - اسم شخصي
الاسم الشخصي سليمان، منير
علاقة الشخص بالعمل/ دوره مترجم.
942 ## - بيانات إضافية (كوها)
نوع التنصيف Dewey Decimal Classification
نوع المادة (كوها) كتب
المقتنيات
حالة السحب حالة الفقدان مصدر التصنيف حالة التلف غير قابل للإعارة المكتبة الرئيسية المكتبة الحالية موقع الرف تاريخ التزويد مصدر التزويد العملة التكلفة، سعر الشراء العادي الرقم المتسلسل Total Checkouts رقم الإستدعاء الباركود تاريخ آخر ظهور التكلفة وسعر الاستبدال تاريخ الفاتورة نوع المادة (كوها)
    Dewey Decimal Classification     المكتبة المركزية المكتبة المركزية الإعارة 23/11/2025 25 JOD 9.80 1798746   303.34 / غ ر ي PLD00928437 23/11/2025 14.00 23/11/2025 كتب
Implemented & Customized by: BBB with SCIT (Smart Chains for Information Technology)

Powered by Koha